Asian development outlook : (Record no. 18608)

000 -LEADER
fixed length control field 00553cas a2200181 a 4500
022 ## - INTERNATIONAL STANDARD SERIAL NUMBER
ISSN 0117-0481
040 ## - CATALOGING SOURCE
Transcribing agency UCW
082 00 - DEWEY DECIMAL CLASSIFICATION NUMBER
Classification number 330 ADB 1989 C148 Or.
245 00 - TITLE STATEMENT
Title Asian development outlook :
Remainder of title ADO.
246 30 - VARYING FORM OF TITLE
Title proper/short title ADO
260 ## - PUBLICATION, DISTRIBUTION, ETC. (IMPRINT)
Place of publication [Manila] :
Name of publisher Asian Development Bank,
Year of publication 1989-
300 ## - PHYSICAL DESCRIPTION
Number of Pages volumes :
Other physical details illustrations ;
Dimensions 27 cm.
500 ## - GENERAL NOTE
General note Some issues have also a unique title.
650 #0 - SUBJECT ADDED ENTRY--TOPICAL TERM
Topical Term Economic forecasting
710 2# - ADDED ENTRY--CORPORATE NAME
Corporate name or jurisdiction name as entry element Asian Development Bank
856 41 - ELECTRONIC LOCATION AND ACCESS
Uniform Resource Identifier http://beta.adb.org/publications/series/asian-development-outlook
942 ## - ADDED ENTRY ELEMENTS (KOHA)
Koha item type ADB
952 ## - LOCATION AND ITEM INFORMATION (KOHA)
Withdrawn status [LOCAL, KOHA] 0
Holdings
Source of acquisition Permanent Location Date acquired Koha item type Lost status Shelving location Current Location Full call number
A38245Library Block C2019-12-25សៀវភៅភាសាអង់គ្លេស C148Library Block C330 ADB 1989 C148 Or.
មជ្ឈមណ្ឌលឯការនៃសាកលវិទ្យាល័យភូមិន្ទកសិកម្មចំការដូង

Powered by Koha